00430nam a2200109Ia 4500008004100000082001000041100003500051245006500086260003900151630006500190730006500255100328s9999 xx 000 0 und d b17522 aविराज एमे.ए. aमहान व्यक्तियों की झलक bशिक्षा भारती aमहान व्यक्तियों की झलक aमहान व्यक्तियों की झलक